| 000 | 01039cab a2200277 4500 | ||
|---|---|---|---|
| 001 | ABS59923 | ||
| 008 | 090401t1998 xxu||||| |||| 00| 0 eng d | ||
| 035 | _a(Sirsi) u90774 | ||
| 041 | _aeng | ||
| 245 | _aEurope supplement | ||
| 260 | _c1998 | ||
| 350 | _a0 | ||
| 490 |
_aUrban Land _v57(12) December 1998, 7-32(19) |
||
| 520 | _aA supplement looking at various aspects of the European real estate market, including the implications of monetary union, the UK property market`s response to worldwide trends, property investment in Europe, and the ways in which governments and large companies are capitalizing on their property portfolios. | ||
| 650 | _aPROPERTY-COMMERCIAL PROPERTY | ||
| 650 | _aECONOMIC AND MONETARY UNION | ||
| 650 | _aEUROPE | ||
| 650 | _aPROPERTY INVESTMENT | ||
| 650 | _aPROPERTY MARKET | ||
| 650 | _aPROPERTY PORTFOLIOS | ||
| 650 | _aREAL ESTATE | ||
| 650 | _aSINGLE EUROPEAN CURRENCY | ||
| 690 | _aPROPERTY-COMMERCIAL PROPERTY-COMMERCIAL PROPERTY MARKET | ||
| 942 | _n0 | ||
| 948 | _c19/01/1999 | ||
| 999 |
_c57568 _d57568 |
||